| 000 -LEADER |
| fixed length control field |
00530cam a22001457a 4500 |
| 008 - FIXED-LENGTH DATA ELEMENTS--GENERAL INFORMATION |
| fixed length control field |
180718b2017 xxu||||| |||| 00| 0 eng d |
| 020 ## - INTERNATIONAL STANDARD BOOK NUMBER |
| International Standard Book Number |
9789386296993 |
| 082 ## - DEWEY DECIMAL CLASSIFICATION NUMBER |
| Classification number |
P5x54 K143n |
| 245 ## - TITLE STATEMENT |
| Title |
Navigating the labyrinth : perspectives on India's higher education |
| Statement of responsibility, etc. |
edited by Devesh Kapur, Pratap Bhanu Mehta |
| 260 ## - PUBLICATION, DISTRIBUTION, ETC. |
| Place of publication, distribution, etc. |
New Delhi |
| Name of publisher, distributor, etc. |
Orient Blackswan |
| Date of publication, distribution, etc. |
2017 |
| 300 ## - PHYSICAL DESCRIPTION |
| Extent |
273p. |
| 650 ## - SUBJECT ADDED ENTRY--TOPICAL TERM |
| Topical term or geographic name entry element |
Higher education and state -- India |
| 650 ## - SUBJECT ADDED ENTRY--TOPICAL TERM |
| Topical term or geographic name entry element |
Education, Higher -- Standards -- India |
| 700 ## - ADDED ENTRY--PERSONAL NAME |
| Personal name |
Kapur, Devesh, and Mehta, Pratap Bhanu |